Tamil Nadu: provisional population totals (Record no. 475850)

000 -LEADER
fixed length control field 00545cam a22001577a 4500
008 - FIXED-LENGTH DATA ELEMENTS--GENERAL INFORMATION
fixed length control field 180718b2001 xxu||||| |||| 00| 0 eng d
082 ## - DEWEY DECIMAL CLASSIFICATION NUMBER
Classification number A81x54 01/34/PAP2/01
100 ## - MAIN ENTRY--PERSONAL NAME
Personal name Census of India 2001
245 ## - TITLE STATEMENT
Title Tamil Nadu: provisional population totals
260 ## - PUBLICATION, DISTRIBUTION, ETC.
Place of publication, distribution, etc. New Delhi
Name of publisher, distributor, etc. The Controller of Publication
Date of publication, distribution, etc. 2001
300 ## - PHYSICAL DESCRIPTION
Extent 338+p.
440 ## - SERIES STATEMENT/ADDED ENTRY--TITLE
Title Census of India 2001. Series-34, Tamil Nadu. Paper-2 of 2001
500 ## - GENERAL NOTE
General note Contents: Rural-urban distribution
650 ## - SUBJECT ADDED ENTRY--TOPICAL TERM
Topical term or geographic name entry element Rural population - India - Tamil Nadu
650 ## - SUBJECT ADDED ENTRY--TOPICAL TERM
Topical term or geographic name entry element Tamil Nadu - Census
Holdings
Withdrawn status Lost status Damaged status Not for loan Permanent Location Current Location Date acquired Full call number Barcode Date last seen Price effective from Koha item type
        Indian Institute of Public Administration Indian Institute of Public Administration 2018-08-04 A81x54 01/34/PAP2/01 G20071 2018-08-04 2018-08-04 G

Powered by Koha